| 000 | 00373nam a22001577a 4500 | ||
|---|---|---|---|
| 020 | _a978-81-248-0053-9 | ||
| 082 |
_a823 _bSHA/H |
||
| 100 | _aSHAKESPEARE ,WILLIAM | ||
| 245 |
_aHAMLET _bCLASSIC BOOKS |
||
| 246 |
_aHAMLET _bCLASSIC BOOKS |
||
| 260 |
_aNEW DELHI _bPEACOCK BOOKS _c2018 |
||
| 300 | _a134 | ||
| 520 | _aCLASSIC BOOKS | ||
| 650 | _aCLASSIC BOOKS | ||
| 942 | _cBK | ||
| 999 |
_c2838 _d2838 |
||